00378nam a2200157Ia 45000010006000000050017000060080041000230410008000640820016000721000034000882450045001222600009001673000028001766500008002046540008002121500820260306164956.0260306t2006||||xx |||||||||||||| ||spa|| aESP a519.54bC79 aCórdova Zamora, ManueleAUT 0aEstadística inferencial:baplicaciones c2006 a428 páginas :c21 cm. aGEN aCMA